Catálogo
 En Linea

Red de bibliotecas públicas de Castilla-La Mancha : (Registro nro. 25106)

Detalles MARC
000 -CABECERA
campo de control de longitud fija 00547nam a2200157 a 4500
001 - NÚMERO DE CONTROL
campo de control 000025614
005 - FECHA Y HORA DE LA ÚLTIMA TRANSACCIÓN
campo de control 20200930023922.0
008 - DATOS DE LONGITUD FIJA--INFORMACIÓN GENERAL
campo de control de longitud fija 110218s2005 sp d r 000 0 spa d
040 ## - FUENTE DE LA CATALOGACIÓN
Centro catalogador/agencia de origen DO-SdBNP
Lengua de catalogación spa
Centro/agencia transcriptor BNPHU
082 ## - NÚMERO DE LA CLASIFICACIÓN DECIMAL DEWEY
Número de clasificación nn*
Número de documento/Ítem nn*
049 ## - FONDOS LOCALES (OCLC)
Fondos de biblioteca BNGR
245 00 - MENCIÓN DE TÍTULO
Título Red de bibliotecas públicas de Castilla-La Mancha :
Resto del título Censo 2004 /
Mención de responsabilidad, etc. Presentación de Blanca Calvo.
260 ## - PUBLICACIÓN, DISTRIBUCIÓN, ETC.
Lugar de publicación, distribución, etc. Toledo :
Nombre del editor, distribuidor, etc. Consejería de Cultura. Junta de Comunidades Castilla-La Mancha,
Fecha de publicación, distribución, etc. 2005.
300 ## - DESCRIPCIÓN FÍSICA
Extensión 189 p. :
Otras características físicas diagrs. ;
Dimensiones 30 cm.
700 1# - PUNTO DE ACCESO ADICIONAL--NOMBRE DE PERSONA
Nombre de persona Calvo, Blanca,
Término indicativo de función/relación present.
9 (RLIN) 52306
Existencias
Estado de retiro Estado de pérdida Restricciones de uso No para préstamo Código de colección Localización permanente Ubicación/localización actual Ubicación en estantería Fecha de adquisición Número de inventario Total de préstamos Signatura topográfica completa Código de barras Fecha visto por última vez Precio válido a partir de Tipo de ítem Koha
        Monografías: Libros y Folletos General General En catalogación 18.02.2011 LF1   nn* nn* 25614-10 25.06.2020 25.06.2020 Préstamo en sala

Con tecnología Koha